Headcount : (Record no. 51306)

MARC details
000 -LEADER
fixed length control field 02777nam a2200349 a 4500
005 - DATE AND TIME OF LATEST TRANSACTION
control field 20110330120911.0
010 ## - LCCN (DPL NO)
LC control number B-440950-953 B-424132-135
020 ## - INTERNATIONAL STANDARD BOOK NUMBER
International Standard Book Number 9780670083510
Terms of availability 450.00
035 ## - SYSTEM CONTROL NUMBER
System control number B-440950-953
035 ## - SYSTEM CONTROL NUMBER
System control number B-424132-135
037 ## - SOURCE OF ACQUISITION
Source of stock number/acquisition Researchco Book Centre
082 04 - DEWEY DECIMAL CLASSIFICATION NUMBER
Classification number 304.6092
100 1# - MAIN ENTRY--PERSONAL NAME
Personal name Bose, Ashish
245 10 - TITLE STATEMENT
Title Headcount :
Remainder of title memoirs of a demographer /
Statement of responsibility, etc by Ashish Bose
260 ## - PUBLICATION, DISTRIBUTION, ETC. (IMPRINT)
Place of publication, distribution, etc New Delhi
Name of publisher, distributor, etc Penguin Books
Date of publication, distribution, etc 2010
270 ## - ADDRESS
Address 11 Community Centre, Panchsheel Park,
City New Delhi
Postal code 110017
300 ## - PHYSICAL DESCRIPTION
Extent x, 214 p.
Dimensions 23cm (Hb)
505 0# - FORMATTED CONTENTS NOTE
Formatted contents note From Nehru to Bimaru -- This is the life! -- Danger and drama.
600 10 - SUBJECT ADDED ENTRY--PERSONAL NAME
Personal name Bose, Ashish.
650 #0 - SUBJECT ADDED ENTRY--TOPICAL TERM
Topical term or geographic name as entry element Demographers
Geographic subdivision India
Form subdivision Biography
942 ## - ADDED ENTRY ELEMENTS (KOHA)
Source of classification or shelving scheme Dewey Decimal Classification
Item type English Books
Classification part 304.6092
Call number suffix BOS
Holdings
Withdrawn status Lost status Not for loan Collection code Home library Current library Date acquired Source of acquisition Cost, normal purchase price Full call number Barcode Copy number Cost, replacement price Koha item type
      Non-fiction Andrews Gunj Andrews Gunj 08/08/2011 Researchco Book Centre/RBC-22385/2011-12/14.3.11/76/4.3.11/21.3.11 450.00 304.6092 BOS B-424133 1 450.00 English Books
      Non-fiction Central Library Central Library 03/08/2011 Researchco Book Centre/RBC-25096/2011-12/R/20.4.11/76/4.3.11/9.6.11 450.00 304.6092 BOS B-440950 1 450.00 English Books
      Non-fiction Janak Puri Janak Puri 03/08/2011 Researchco Book Centre/RBC-25096/2011-12/R/20.4.11/76/4.3.11/9.6.11 450.00 304.6092 BOS B-440952 1 450.00 English Books
      Non-fiction Patel Nagar Patel Nagar 03/08/2011 Researchco Book Centre/RBC-25096/2011-12/R/20.4.11/76/4.3.11/9.6.11 450.00 304.6092 BOS B-440951 1 450.00 English Books
      Non-fiction R.K.Puram-8 R.K.Puram-8 08/08/2011 Researchco Book Centre/RBC-22385/2011-12/14.3.11/76/4.3.11/21.3.11 450.00 304.6092 BOS B-424132 1 450.00 English Books
      Non-fiction Sarojini Nagar Sarojini Nagar 03/08/2011 Researchco Book Centre/RBC-25096/2011-12/R/20.4.11/76/4.3.11/9.6.11 450.00 304.6092 BOS B-440953 1 450.00 English Books
      Non-fiction Sriniwas Puri Sriniwas Puri 08/08/2011 Researchco Book Centre/RBC-22385/2011-12/14.3.11/76/4.3.11/21.3.11 450.00 304.6092 BOS B-424134 1 450.00 English Books
      Non-fiction Vinoba Puri Vinoba Puri 08/08/2011 Researchco Book Centre/RBC-22385/2011-12/14.3.11/76/4.3.11/21.3.11 450.00 304.6092 BOS B-424135 1 450.00 English Books

© Delhi Public Library
Hit Counter
free hit counter